000 00513nam a2200181Ia 4500
003 GCL
008 140319s9999 xx 000 0 ara d
040 _aGCL /
_cGCL
082 0 4 _a415
_bص ا
100 1 _aصالح بلعيد
245 1 0 _aالاحاطة فى النحو , النحو الوظيفى /
_cصالح بلعيد
300 _a135 ص
490 _a
650 0 4 _aاللغة العربية
650 0 4 _aقواعد اللغة العربية
650 0 4 _aالنحو والصرف
942 _2ddc
_cBK
999 _c44467
_d44467